Central Library OPAC University of Rajshahi

শারীরবৃত্ত / (Record no. 54529)

MARC details
000 -LEADER
fixed length control field 00856nam a2200217 a 4500
001 - CONTROL NUMBER
control field 54529
003 - CONTROL NUMBER IDENTIFIER
rucl marc code BD-RjUL
005 - DATE AND TIME OF LATEST TRANSACTION
control field 20211209080132.0
008 - FIXED-LENGTH DATA ELEMENTS--GENERAL INFORMATION
fixed length control field 161107r19521943ii ||||| |||| 00| 0 ben d
035 ## - SYSTEM CONTROL NUMBER
System control number (BD-RjUL)54651
040 ## - CATALOGING SOURCE
Original cataloging agency BD-RjUL
Language of cataloging ben
Transcribing agency BD-RjUL
Modifying agency BD-RjUL
041 ## - LANGUAGE CODE
Language code of text/sound track or separate title ben
082 ## - DEWEY DECIMAL CLASSIFICATION NUMBER
Edition number 23
Classification number 612
Author mark and year PAS 1952
100 ## - MAIN ENTRY--PERSONAL NAME
Personal name পাল, রুদ্রেন্দ্র কুমার
9 (RLIN) 162670
245 10 - TITLE STATEMENT
Title শারীরবৃত্ত /
Statement of responsibility, etc. রুদ্রেন্দ্র কুমার পাল
260 ## - PUBLICATION, DISTRIBUTION, ETC. (IMPRINT)
Place of publication, distribution, etc. কলিকাতা :
Name of publisher, distributor, etc. বিশ্বভারতী,
Date of publication, distribution, etc. ১৯৪৩ [পুর্নমুদ্রণ ১৯৫২].
300 ## - PHYSICAL DESCRIPTION
Pagination ৫৭ পৃ. :
Illustrations চিত্র ;
Size ১৭ সেমি.
650 ## - SUBJECT ADDED ENTRY--TOPICAL TERM
Topical term or geographic name as entry element মানুষের শরীরবিদ্যা
9 (RLIN) 162671
Topical term or geographic name as entry element Human Physiology
9 (RLIN) 162672
942 ## - ADDED ENTRY ELEMENTS (KOHA)
Source of classification or shelving scheme Dewey Decimal Classification
Koha item type Books
Holdings
Lost status Source of classification or shelving scheme Damaged status Not for loan Collection code Permanent Location Current Location Shelving location Date acquired Source of acquisition Cost, normal purchase price Total Checkouts Full call number Date last seen Copy number Koha item type
  Dewey Decimal Classification     Non-fiction Central Library, University of Rajshahi Central Library, University of Rajshahi   26/09/1957 Kamala Book 8.00   B 612 PAS 1952 07/11/2016 C-2 Books
  Dewey Decimal Classification   Not For Loan Non-fiction Central Library, University of Rajshahi Central Library, University of Rajshahi Reading Room 15/03/1962 Farooque lib. 0.54   B 612 PAS 1952 06/05/2017 C-1 Books